00741 a2200205 450000100060000002000150000604000240002110000380004524000200008324500150010330000070011836200090012544000130013465000310014794200070017895201010018595201160028695201160040299900170051869568 a8526234714 cAnchieta - Itaigara aAndrade, Telma Guimaràƒes Castro10aRobin Hoodlpor10aRobin Hood a470 a1998 1aScipione 4aLiteratura infanto-juvenil cBK 00104070a88.1b88.1d2023-11-21l0o028.5 ROBp2025/ITAr2023-11-21 20:04:11w2023-11-21yBK 00102udc4070a39.1b39.1d2024-07-12l0o028.5 A554rp6431/CCPr2024-07-12 14:20:20tEx. 1w2024-07-12yBKu 00102udc4070a39.1b39.1d2024-07-12l0o028.5 A554rp6999/CCPr2024-07-12 14:20:50tEx. 2w2024-07-12yBKu c69568d69568